[Event "Villa Martelli"]
[Site "Villa Martelli"]
[Date "1997.06.10"]
[Round "10"]
[White "Ricardi, Pablo"]
[Black "Hoffman, Alejandro"]
[Result "0-1"]
[WhiteElo "2575"]
[BlackElo "2480"]
[Annotator "Har Zvi,R"]
[PlyCount "112"]
[EventDate "1997.06.01"]
[EventType "tourn"]
[EventRounds "11"]
[EventCountry "ARG"]
[EventCategory "13"]
[SourceTitle "CBM 060"]
[Source "ChessBase"]
[SourceDate "1997.09.29"]
[SourceVersion "1"]
[SourceVersionDate "1997.09.29"]
[SourceQuality "1"]

1. e4 c5 2. Nf3 d6 3. Bb5+ Nd7 4. d4 cxd4 (4... Ngf6 {is the main line,with
the idea to force white to play his N to c3,5.e5 is a possible move but should
not give white to much}) 5. Qxd4 e5 (5... Ngf6 6. Bg5 (6. e5 dxe5 7. Nxe5 a6 8.
Bxd7+ Nxd7 9. Nc3 Nxe5 10. Qxe5 f6 11. Qe4 Qa5 12. Be3 Qf5 $13 {Barle,J-Kozul,
Z Bled op 1996}) 6... e6 7. Nc3 a6 (7... Be7 8. O-O-O O-O 9. Rhe1 Qa5 10. Bxd7
Bxd7 11. Bxf6 gxf6 12. e5 fxe5 13. Nxe5 $36 {Dvorietzky,M-Scholseth,T Saint
John 1988}) 8. Bxd7+ Bxd7 9. O-O-O h6 (9... Be7 10. e5 dxe5 11. Nxe5 Bc6 12.
Nxc6 bxc6 13. Bxf6 Bxf6 14. Qc5 Qc8 15. Ne4 Be7 16. Nd6+ Bxd6 17. Rxd6 $16 {
/+- Gurgenidza,B-Gufeld,E Tbilisi 1969}) 10. Bh4 Be7 11. Rhe1 (11. e5 $5) 11...
Qc7 12. e5 dxe5 13. Nxe5 Rd8 14. Bg3 Qc8 (14... Qc5) 15. Qe3 O-O 16. Qf3 Bc6
17. Nxc6 Qxc6 18. Qxc6 bxc6 19. Na4 $14 {Rublevsky,S-Ruban,V Novosibirsk 1995})
(5... a6 6. Bxd7+ Bxd7 7. Nc3 e5 (7... Nf6 8. Bg5 e5 (8... e6 $142) 9. Qd3 Rc8
10. O-O-O Rxc3 11. Qxc3 Nxe4 12. Qe3 Nxg5 13. Nxg5 Be7 14. Ne4 O-O 15. Kb1 $14
{Kacheishvili,G-Anastasian,A Protvino zt 1993 CBM 35} (15. Nxd6 $4 Bg5)) 8. Qd3
h6 9. Nd2 Rc8 10. Nc4 Be6 11. Nd5 (11. Ne3 Nf6 12. O-O Be7 13. Ncd5 Nxd5 14.
Nxd5 Bxd5 15. Qxd5 Rxc2 16. Qxb7 $14 {Horvath,T-Mowsziszian,K BL 94/95}) 11...
Nf6 12. Nxf6+ Qxf6 13. Ne3 $14 {[%csl Rd5] Yegiazarian,O-Anastasian,A ARM-ch
Erevan 1994}) 6. Qd3 h6 7. Be3 Ngf6 8. O-O Be7 9. c4 a6 (9... O-O 10. Nc3 a6
11. Ba4 Nb6 12. Bb3 Be6 13. Rac1 Rc8 14. Nd5 Nbxd5 15. cxd5 Bd7 $11 {Barle,
J-Peptan,C Ljubljana 1997 EXP 58}) 10. Bxd7+ Bxd7 11. Nc3 O-O 12. a4 Be6 13. a5
Rc8 14. b3 Nd7 15. Nd5 f5 16. Rfd1 (16. exf5 $5 Rxf5 (16... Bxf5 17. Nxe7+ Qxe7
18. Qd5+ {[%cal Gd5b7,Gb7a6]}) 17. Nd2 (17. Nxe7+ Qxe7 18. Rfd1 Rc6 19. Nd2 $14
) 17... Bf8 18. Ne4 {[%csl Rd6] and with his knights on d5-e4 white seems
better}) 16... Rc6 17. Nd2 f4 18. Bb6 Nxb6 19. Nxb6 (19. axb6 Kh8 $13) 19...
Qe8 20. b4 (20. Nd5 $13 {in just few moves,black will take the initiative with
a clear target,white's king.it was white's fault which did not pay attention
to black play on the king's side,and insted for example of bringing back the
knight on b6 which is doing notning to d5,he also took the d2 knight to the
queen's side?!}) 20... Qg6 21. b5 $6 {giving black the c5 square,and creating
weakness on the Queen's die,white simply does not feel the danger on the
king's side} (21. Kh1) (21. Nd5) 21... Rc5 22. Nb3 f3 23. g3 Rc7 24. Nd5 (24.
bxa6 bxa6 25. c5 dxc5 26. Nd5 Bxd5 27. Qxd5+ Qf7 28. Rac1 Qxd5 29. Rxd5 c4 30.
Nd2 c3 $17) 24... Bxd5 25. Qxd5+ $6 {the Queen is needed on the f1-a6 diagonal,
to defend from Qh3,anyway the queens will have to go back,and white has a weak
"c" pawn maybe taking on d5 with the "c" was not a bad idea} (25. cxd5 Qg4 26.
Rac1 {with a fine position for white}) 25... Kh7 {[%csl Rc4] this is
white'sain problem,he will not get checkmate,but he will not be able to keep
his "c" pawn for a lot of time} 26. b6 (26. Qd3 Qg4 {[%csl Rc4]} 27. Nd2 Bg5)
26... Qg4 27. Kh1 (27. Nd2 Rc5 28. Qd3 (28. Qxb7 $2 Bg5 $19) 28... Bg5 29. h3
$8 (29. Qxd6 $2 Qc8 $1 {[%cal Gf8d8]} 30. Qd3 Bxd2 31. Rxd2 Rd8 $19) 29... Qxh3
30. Nxf3 Be7 $15 {[%csl Ra5,Rc4][%cal Gf8f1] /-/+}) 27... Rc6 28. Rac1 Bg5 29.
Rc3 Rf4 $1 30. Qd3 $2 (30. Nd2) (30. Rg1 $140 Rxe4 31. Qxc6 bxc6 32. b7) 30...
Qh3 31. Qf1 (31. Rg1 $4 Rh4 32. gxh4 Bf4 33. Rg3 Bxg3) 31... Qxf1+ 32. Rxf1
Rxe4 33. Rxf3 Rexc4 $17 {[%csl Ra5] /-+} 34. Rf7 Rb4 35. h4 Bf6 (35... Bxh4 $2
36. gxh4 Rxb3 37. Rxb7 {[%csl Ra6,Rg7][%cal Gb7a7,Gf1g1]}) 36. Nd2 Rc2 37. Nf3
Ra2 38. Rxb7 Rxa5 39. Rd1 (39. Rc1 Ra2 $1 40. Ne1 (40. Kg1 e4 {[%cal Gf6d4]})
40... Rab2 {[%cal Gb4b6]}) 39... Ra2 40. Kg1 e4 $1 41. Nh2 Bd4 42. Ng4 Bxb6 (
42... Ra3 $5 43. Rxd4 (43. Kg2 Rd3 {with h5 and winning immediately}) 43...
Rxd4 44. Nf6+ Kg6 45. Ne8 e3 $1 $19) 43. Re7 Bd4 44. h5 {threatening Rxd4
followed by Nf6 and Re8 mate!} (44. Rxe4 Bc5 (44... Bxf2+ $4 45. Nxf2) 45. Rxb4
Bxb4 $17 {[%cal Ga6a5,Ga5a4,Ga4a3] /-+}) 44... Kg8 (44... Ra1 $5 45. Rxa1 Bxa1
46. Ra7 (46. Re6 Rd4 {[%cal Ga6a5,Ga5a4]}) 46... Rb6 $19) 45. Kg2 (45. Rxe4 Bc5
46. Rxb4 Bxb4 {[%csl Rf2][%cal Ga6a5,Ga5a4,Gb4c5]}) 45... Bc5 46. Rd5 Rb8 $6 (
46... e3 47. Nxe3 Kf8 48. Re6 Kf7 49. Rdxd6 Bxd6 50. Rxd6 Rbb2 51. Ng4 Rb5 $19)
47. Rxe4 Rf8 48. Kh3 a5 49. f4 Ra1 {despite black's incorrect 46...Rb8 it is
difficult to see how can white defend him self,since the combination of
black's pass "a" pawn and his very strong supporting bishop on c5 seems to
much for white} 50. Re7 (50. f5 a4 51. f6 a3 52. fxg7 Kxg7 53. Re7+ Kh8 $19)
50... a4 51. Ne5 a3 52. Rxc5 dxc5 53. Ra7 a2 54. Kg4 c4 55. Nc6 c3 56. Nb4
Rxf4+ 0-1

[Event "Villa Martelli"]
[Site "Villa Martelli"]
[Date "1997.06.06"]
[Round "6"]
[White "German, Gustavo"]
[Black "Sorokin, Maxim"]
[Result "1-0"]
[WhiteElo "2500"]
[BlackElo "2560"]
[Annotator "Har Zvi,R"]
[PlyCount "89"]
[EventDate "1997.06.01"]
[EventType "tourn"]
[EventRounds "11"]
[EventCountry "ARG"]
[EventCategory "13"]
[SourceTitle "CBM 060"]
[Source "ChessBase"]
[SourceDate "1997.09.29"]
[SourceVersion "1"]
[SourceVersionDate "1997.09.29"]
[SourceQuality "1"]

1. e4 c5 2. Nf3 Nc6 3. Bb5 d6 4. O-O Bd7 5. c3 Nf6 6. Re1 a6 7. Bxc6 (7. Bf1 {
is white's second move which leads to a much more quite position than the text}
) 7... Bxc6 8. d4 Bxe4 (8... cxd4 9. cxd4 Bxe4 10. Nc3 (10. Bg5 Bxf3 11. Qxf3
Qa5 12. Nc3 Qxg5 13. Qxb7 Rd8 14. Qc6+ Rd7 15. d5 e6 $1 (15... e5 16. Na4) 16.
dxe6 fxe6 17. Rxe6+ Be7 18. Qc8+ (18. Rae1 O-O) 18... Rd8 (18... Kf7 $2 19.
Rxf6+) 19. Qb7 Rd7 {1/2-1/2 Smirin,I-Alterman,B Israel 1995 63/(157)}) 10...
Bxf3 11. Qxf3 e6 12. Qxb7 Qc8 13. Qf3 (13. Qb3 Be7 14. d5 e5 15. Bg5 (15. Na4
Rb8 16. Nb6 Qg4 17. f3 Qh4 18. Be3 O-O 19. Bf2 Qg5 20. a4 a5 $1 21. Qd3 e4 22.
fxe4 Ng4 $44 {Shabanov,Y-Stripunsky,A Karvina 1993 60/(200)}) 15... O-O 16. Ne4
Rb8 17. Qa3 Nxd5 18. Bxe7 Nxe7 19. Nxd6 Qe6 $11 {Zaitev,I-Stripunsky,A
Bucurest 1994 60/(200)}) 13... Be7 14. d5 e5 15. Bg5 O-O 16. Ne4 Nxd5 (16...
Nxe4 $2 17. Bxe7 Re8 18. Rxe4 Rxe7 19. Rc4 {[%csl Rc6]}) 17. Nxd6 Qe6 (17...
Bxd6 18. Qxd5 $14 {[%csl Ga2,Ra6,Gb2]}) 18. Rad1 Qxd6 19. Bxe7 Qxe7 20. Rxd5
$14 {/= Smirin,I-Alterman,B Struga zt 1995 63/157 [Alterman,B]}) 9. Bg5 Bd5 (
9... d5) 10. c4 {10.Nbd2 is white's main move when black normally replies with
e6 and you get a very complicated positions} Bxf3 $2 {Macharicev gives this
move ?! OK for the first time it was played I agree ?! but if this is not very
good for black so on the second time I give it ?} (10... Bxc4 11. Nc3 e6 (11...
Be6 12. dxc5 dxc5 13. Qa4+ b5 14. Qh4 Qb6 15. a4 Rd8 16. axb5 axb5 17. Be3 Nd5
18. Ng5 Nxe3 19. Rxe3 {with a very strong initiative for white Martinovic,
S-Petursson,M Athens op 1993}) 12. Bxf6 gxf6 13. d5 e5 14. Nh4 Bb5 15. Ne4 Bd7
16. Qh5 h6 17. f4 Qe7 18. fxe5 dxe5 19. d6 Qe6 20. Rf1 O-O-O $17 {Martinovic,
S-Anand,V Groningen 1989}) 11. Qxf3 cxd4 12. Qxb7 Qc8 13. Qf3 e6 (13... Nd7 14.
Nd2 Ne5 15. Qe4 h6 16. Bf4 $16 {Macharicev}) 14. Bxf6 gxf6 15. Qxf6 $146 {
in is analyse to Damaso-Grivas Macharicev gives? to this move and writes 15...
Rg8 with counterplay,but I think white is just better here} (15. Nd2 Be7 16.
Nb3 $1 e5 $2 (16... O-O 17. Nxd4 Qxc4 18. Re4 (18. Nf5 $5) 18... Qd5 19. Rd1
$36 {/+/-}) 17. Nxd4 $1 $18 {Damaso,R-Grivas,E Erevan olm 1996}) 15... Rg8 16.
Nd2 Bg7 (16... Qc6 $2 17. Rxe6+ fxe6 18. Qxe6+) 17. Qh4 Kf8 $6 {just giving
the "h" pawn seems quite strange,white of course takes it and goes back with
his queen when black gets nothing form this strange deal} (17... h6 $142) 18.
Qxh7 Rh8 19. Qd3 Rh6 {now black is threatening e5 and after f5,since white
will not have Ne4 with a tempi because the rook on h6 protects the d6 pawn,but
white finds a way to deal with this idea} (19... e5 {[%cal Gf7f5]} 20. Ne4 Qc6
21. Ng3 {[%csl Ge4,Gf5]}) 20. f4 $1 {simple,I fight for the e5 square,and if
black playes e5 he will open the "f" for white,a decisive mistake} Qc5 21. Re2
Kg8 22. Rf1 $16 {[%cal Gf4f5] black good completely nothing for the pawn,it is
white who has the initiative and wants to play now f5} f5 {[%csl Re6]} 23. Kh1
Rc8 24. Rfe1 Kf7 25. b3 {after the c4 pawn is protected by the b3 pawn the
knight can be used to some more important missions,for example putting
pressure on the d4 and e6 pawns from the f3 square} Re8 26. Nf3 Bf6 27. Rd1
Reh8 28. h3 Qc6 29. Kh2 (29. Nxd4 $4 Rxh3+) 29... Rg8 30. Nxd4 $18 {the rest
needs really no comments} Bxd4 31. Qxd4 Rhg6 32. Rdd2 Rg3 33. Qa7+ Kf6 34. Qh7
R3g7 35. Qh4+ Kf7 36. Qe1 Rg6 37. Rf2 Qc5 38. Qe2 Qc6 39. Kg1 Qc5 40. Kf1 Qa3
41. Qd3 Ke7 42. Qd4 Rg3 43. Rfe2 R8g6 44. Qa7+ Kf6 45. Rxe6+ 1-0

[Event "VISA GP"]
[Site "Reykjavik"]
[Date "1998.03.14"]
[Round "5"]
[White "Van der Weide, Karel"]
[Black "Stefansson, Hannes"]
[Result "1/2-1/2"]
[WhiteElo "2450"]
[BlackElo "2540"]
[Annotator "Har Zvi,R"]
[PlyCount "69"]
[EventDate "1998.03.10"]
[EventType "swiss"]
[EventRounds "9"]
[EventCountry "ISL"]
[SourceTitle "CBM 064"]
[Source "ChessBase"]
[SourceDate "1998.06.02"]
[SourceVersion "1"]
[SourceVersionDate "1998.06.02"]
[SourceQuality "1"]

1. e4 c5 2. Nf3 d6 3. Bb5+ Nd7 4. O-O Ngf6 5. Re1 e5 6. c3 Be7 (6... a6 7. Bf1
Be7 8. d4 O-O 9. Nbd2 b5 10. h3 Qb6 11. b3 Re8 12. Bb2 Bf8 13. a4 Rb8 14. Ra2
Bb7 15. d5 Bc8 16. Qc2 b4 17. Nc4 Qc7 18. Ne3 Qb7 19. Nd2 g6 20. a5 $14 {
1-0 Vasiukov,E-Mestel,A/Hastings 1978/MCD-r7 (41)}) 7. d4 O-O 8. dxe5 (8. Nbd2
Qc7 (8... a6 9. Bxd7 Nxd7 10. dxe5 Nxe5 11. Nxe5 dxe5 12. Nc4 f6 13. Qxd8 Bxd8
14. Nd6 $14 {1-0 Karaklajic,N-Tarjan,J/Chicago 1973/MCD-r7 (56)}) 9. a4 Rd8 10.
d5 Ne8 11. a5 g6 12. Nc4 f5 13. exf5 gxf5 14. Ng5 Ng7 15. b4 cxb4 16. cxb4 Nf8
17. Qb3 Ng6 18. Bd2 Bf6 19. Rac1 Qe7 $132 {0-1 Ciocaltea,V-Barle,J/Vidmar mem
1973/EXT 97 (60)}) 8... dxe5 (8... Nxe5 $5 9. Nxe5 dxe5 10. Qxd8 Rxd8 11. a4
Be6 $11 {[%cal Gf6e8,Ge8d6]}) 9. Bg5 a6 10. Bxf6 Nxf6 (10... Bxf6 11. Bf1 Nb6 (
11... b5 $6 12. a4 $1 b4 13. a5 {[%cal Gb1d2,Gd2c4]}) 12. Qc2 Be6 13. a4 c4
$132 {[%cal Gd8c7,Gf6e7]}) 11. Qxd8 Bxd8 12. Bf1 Bc7 13. a4 {white really got
nothing special out of the opening,the position is about equal,I think that
Nxe5 on move 8 was even simpler that this,but here we still have a game with
active plans for both sides} Bd7 $6 {why to allow white to play "a5" after b6
followed by Bb7 black is OK} (13... b6 14. Na3 {[%cal Ga3c4]}) 14. a5 Bc6 15.
Nfd2 {white has "achived " a5 noramlly this should be very good but the
problem is that many times this pawn can be weak,and white does not have a
dark coloured bishop to attack the weak "c5" pawn as quick as possible,but
there ia another idea here to place the knight's on b3 and c4 which creates
strong preesure on the Queen's side} (15. Nbd2 Rad8 {[%cal Gd8d7,Gf8d8]}) 15...
g5 $5 {white's idea is to play Nb3 and then Na3-Nc4 with full control over the
squares on the Queen's side,when black is tied in defence,so black decides to
open another flank the king's side,since it's quite clear that is order to
free the knight on "d2" white will have to play "f3" so black is already
prepered with "g4"} (15... Rad8 16. f3) 16. f3 g4 17. Nc4 $6 {it's quite
strange for me to understand why white has not played the idea Nb3-Na3-Nc4?} (
17. Nb3 gxf3 18. gxf3 Nd7 {[%cal Gf7f5]} 19. Bh3 $1 Bb8 (19... b6 20. N1d2) (
19... c4 20. N3d2 b5 21. axb6 Nxb6 22. Na3 Bb5 23. Bf1 {[%csl Rc4]}) 20. Na3
Ba7 21. Nc4 {when white seems better}) 17... gxf3 18. gxf3 Nh5 19. Ne3 Rad8 (
19... Nf4 20. Nd2 Rad8 21. Nb3) 20. Nf5 {[%cal Gg5e7]} Rd7 (20... Rfe8 $5) 21.
c4 {[%cal Gb1c3,Gc3d5] white has no other to devlope his "b1" knight since he
can not play Nd2 and after Na3 the "a5" pawn is hanging} (21. Bh3 $6 Rd3 $1 22.
Ne7+ (22. Bf1 Rxf3 (22... Rd7 $11) 23. Be2 Rxf5 24. exf5 Nf4 $44) 22... Kh8 23.
Nxc6 bxc6 24. Bf1 Rxf3 25. Bxa6 Rg8+ 26. Kh1 Rf2 $36 {[%csl Rh1]}) 21... Ng7 (
21... Kh8 22. Nc3 Rg8+ 23. Kf2 Ng7 (23... Nf4 24. Nd5) 24. Nxg7 Rxg7 25. Nd5 {
[%cal Gf1h3]} Bd8 26. Red1) 22. Nxg7 Kxg7 23. Nc3 f5 (23... Rd2 24. Re2 $11)
24. Nd5 (24. Bh3 $6 Rd2 25. Bxf5 Rxb2 {[%cal Gg7f6,Gf8g8,Ga2h2]} 26. Re2 Rxe2
27. Nxe2 Rd8 {[%cal Gd8d2]}) 24... fxe4 25. fxe4 Bd8 26. Bh3 Rdf7 27. Bf5 {
the position is about equal no players has real plan how to create something
with out big danger for him self} Kh8 28. Re2 Rg7+ 29. Rg2 (29. Kh1 Bh4) 29...
Bg5 30. Ra3 Rfg8 31. Kf1 Bc1 32. Rxg7 Rxg7 33. Rb3 Bd2 34. Ra3 Bc1 35. Rb3
1/2-1/2

[Event "EU-chT (Men) 11th"]
[Site "Pula"]
[Date "1997.05.??"]
[Round "6.3"]
[White "Grosar, Aljosa"]
[Black "Maki, Veijo"]
[Result "1-0"]
[WhiteElo "2495"]
[BlackElo "2395"]
[Annotator "Har Zvi,R"]
[PlyCount "83"]
[EventDate "1997.05.05"]
[EventType "team-swiss"]
[EventRounds "9"]
[EventCountry "CRO"]
[SourceTitle "CBM 057 Extra"]
[Source "ChessBase"]
[SourceDate "1997.05.01"]
[SourceVersion "1"]
[SourceVersionDate "1997.05.01"]
[SourceQuality "1"]
[WhiteTeam "Slovenia"]
[BlackTeam "Finland"]
[WhiteTeamCountry "SLO"]
[BlackTeamCountry "FIN"]

1. e4 c5 2. Nf3 d6 3. Bb5+ Nd7 4. d4 Ngf6 5. Nc3 cxd4 6. Qxd4 e5 7. Qd3 h6 8.
Be3 Be7 9. Bc4 (9. h3 O-O 10. g4 a6 11. Bxd7 Bxd7 12. g5 hxg5 13. Bxg5 Nh5 14.
Bxe7 Qxe7 {Ivkov,B-Chiburdanidze,M Monaco Veterans-Women 1994} 15. O-O-O $1 $13
) (9. a4 O-O 10. O-O Nb8 (10... Qc7 11. Bc4 Nc5 12. Bxc5 Qxc5 13. Nd5 Nxd5 14.
Bxd5 Be6 15. Rfd1 Rac8 16. c3 $14 {Dvoretsky,M-Geller,E Erevan 1975}) 11. a5
Nc6 12. Nd5 Nxd5 13. exd5 Nb8 14. Nd2 Nd7 15. Nc4 Qc7 16. b4 Nf6 17. f3 Nh5 18.
a6 $14 {Rozentalis,E-Smirin,I Klaipeda 1988}) (9. Nd2 O-O 10. f3 Qc7 11. O-O-O
a6 12. Bc4 b5 13. Bb3 Nc5 14. Bxc5 dxc5 15. Nd5 Nxd5 16. Bxd5 c4 $15 {
Dvoretsky,M-Tal,M Erevan 1975}) 9... O-O (9... a6 10. a4 b6 11. Nh4 g6 12. O-O
Bb7 13. Nf3 Kf8 14. Nd5 Kg7 $11 {Djurhuus,R-Conquest,S Copenhagen op 1988}) 10.
Nh4 $146 (10. O-O Nb6 11. Bb3 Be6 12. Nh4 Rc8 (12... Qd7 13. Bxe6 fxe6 14. Ng6
Rfd8 15. Nb5 Nc8 16. c4 a6 17. Nc3 $14 {Kupreichik,V-Polugaevsky,L URS-ch44
Moscow 1976}) 13. Ng6 Re8 14. Rfd1 Nc4 15. Bxc4 Rxc4 16. Nxe7+ Rxe7 17. Qxd6
Qxd6 18. Rxd6 Nxe4 19. Nxe4 Rxe4 20. b3 $14 {/= Chandler,M-Mestel,A Brighton
1984}) 10... Nb6 (10... Kh8 11. O-O (11. Nf5 $5 Nc5 12. Bxc5 dxc5 13. Qxd8 (13.
Nxe7 Qxe7 14. Nd5 Nxd5 15. Bxd5 f5 $13) 13... Bxd8 14. Nd6 $14) 11... Nb6 12.
Bb3) 11. Bxb6 Qxb6 12. Ng6 Re8 13. Nxe7+ Rxe7 14. O-O-O Be6 $6 {after this
move white just gets a slightly better position without any risks with clear
play since black has a big weakness the d6 pawn and white has the strong "d5"
square in the center black should have played Qxf2 with maybe slightly better
position for white} (14... Qxf2 $5 15. Rd2 $5 (15. Rhf1 Qxg2 16. Qxd6 Qg5+ 17.
Kb1 Rd7) 15... Qc5 16. Qxd6 Qxd6 17. Rxd6 $14 {/=}) 15. Bxe6 Rxe6 {[%csl Rd6]}
16. f3 $14 Rc8 17. Rd2 Qa5 $6 {after this move white gets a big advantage
since he win a very important tempi + gets a fantastic place for his queen on
b4,black of course should have played a6 not allowing white's next move} 18.
Qb5 $1 Qc7 (18... Qxb5 $2 19. Nxb5 {[%csl Ra7,Rd6]} Rd8 (19... Rc6 20. Nxa7 Ra6
21. Nb5 Rxa2 22. Kb1 Ra6 23. Nc7 $18) 20. Nxa7 Ra8 21. Nb5 Rxa2 22. Kb1 {
the same as Rc6}) 19. Rhd1 a6 20. Qb4 {white managed to double his rooks on
the "d" file place his queen in a fantastic place,black goes for some
initiative but it only makes the end closer,he should have played something
such as Rd8 or Ne8 but of course white's position is a dream} b5 $1 21. a4 (21.
Rxd6 $4 a5 $19) (21. Kb1) 21... bxa4 (21... Rb8 22. axb5 axb5 23. Rxd6) 22.
Rxd6 $6 {I do not like this move,indeed white won quite easily after this move,
but that's because of black's help} (22. Qxa4 Qb6 23. Qa3 $1 {[%csl Ra6,Rd6]})
22... Rxd6 23. Rxd6 {[%csl Ra4,Ra6]} Rb8 $2 (23... a5 $1 24. Qa3 Qa7 25. Nd1
Qg1 26. Rd2 Qxh2 27. Qxa4 {when white seems to be better,but the position has
alreasy become less clear}) 24. Rc6 $1 {probably black has missed this move}
Qa7 (24... Rxb4 25. Rxc7 $16 {[%csl Ra4,Ra6]}) 25. Qc5 Qb7 26. Nxa4 $18 {
white has an extra pawn,without any compensation by black,the game is over} Nd7
27. Qc4 Qa7 28. Nc5 Nxc5 29. Qxc5 Qb7 30. b3 a5 31. Rc7 Qa6 32. Qc4 Qf6 33.
Rc8+ {going into a pawn ending} Rxc8 34. Qxc8+ Kh7 35. Qf5+ Qxf5 36. exf5 g6
37. fxg6+ Kxg6 38. Kd2 Kf5 39. Ke3 Ke6 40. g4 Kd5 41. h4 Kc5 42. c3 1-0